[Event "London Chess Classic Women"]
[Site "London ENG"]
[Date "2010.12.13"]
[Round "6"]
[White "Fairley, Natasha"]
[Black "Lalic, Susan K"]
[Result "0-1"]
[WhiteTitle "WFM"]
[BlackTitle "IM"]
[WhiteElo "1785"]
[BlackElo "2294"]
[WhiteFideId "4301439"]
[BlackFideId "401510"]
[EventDate "2010.12.08"]

1. e4 c6 2. d4 d5 3. Bd3 dxe4 4. Bxe4 Nf6 5. Nc3 Nxe4 6. Nxe4 Bf5 7. Ng3 Bg6 8.
Nf3 Nd7 9. O-O e6 10. Bf4 Be7 11. c3 a5 12. Re1 O-O 13. Qc1 h6 14. b3 Re8 15.
Qb2 Qb6 16. Nd2 Bd3 17. Re3 Qa6 18. c4 Bh7 19. a3 c5 20. Nge4 cxd4 21. Qxd4 e5
22. Qxd7 exf4 23. Ree1 Rad8 24. Qc7 Qc6 25. Qxa5 b6 26. Qh5 Bxe4 27. Nxe4 Bxa3
28. f3 Bb4 29. Red1 Qe6 30. Qb5 f5 31. Nf6+ Qxf6 32. Qxb4 Re2 33. c5 Rxd1+ 34.
Rxd1 Qb2 35. Qc4+ Kh7 36. Qd4 Rxg2+ 37. Kf1 Qe2# 0-1

[Event "London Chess Classic Women"]
[Site "London ENG"]
[Date "2010.12.13"]
[Round "6"]
[White "Norinkeviciute, Rasa"]
[Black "Van Weersel, Arlette"]
[Result "0-1"]
[WhiteTitle "WFM"]
[BlackTitle "WIM"]
[WhiteElo "2028"]
[BlackElo "2186"]
[WhiteFideId "12801925"]
[BlackFideId "1009877"]
[EventDate "2010.12.08"]

1. c4 Nf6 2. g3 e6 3. Bg2 d5 4. Nf3 dxc4 5. Qa4+ Nbd7 6. Qxc4 a6 7. a4 c5 8. O-O
Be7 9. d4 b5 10. Qc2 Bb7 11. axb5 axb5 12. Rxa8 Qxa8 13. dxc5 Bxc5 14. Qb3 Bc6
15. Bd2 O-O 16. Bb4 Bd5 17. Qa3 Qxa3 18. bxa3 Rc8 19. Bc3 Ne4 20. Bd4 Bd6 21.
Rd1 Ndf6 22. h3 h6 23. Be5 Bc5 24. Bd4 Be7 25. Ne5 Rc2 26. Bf1 Bb3 27. Rd3 Ba2
28. Rd1 Nd5 29. Nd3 Bxb1 30. Rxb1 Nec3 31. Rc1 Rxc1 32. Nxc1 Bxa3 33. Nd3 b4 34.
e4 Nxe4 35. Be2 Nec3 36. Bf3 b3 37. Bxd5 Nxd5 38. Kf1 f6 39. Ke2 e5 40. Ba1 Kf7
41. Kd2 Ke6 42. Nb2 Bb4+ 43. Kd3 Bc3 44. Kc4 Bd4 45. f3 Ne3+ 46. Kxb3 Kd5 47. g4
g5 48. Ka2 Nc2 0-1

[Event "London Chess Classic Women"]
[Site "London ENG"]
[Date "2010.12.13"]
[Round "6"]
[White "Hegarty, Sarah N"]
[Black "Messam-Sparks, Lateefah"]
[Result "1-0"]
[WhiteTitle "WFM"]
[WhiteElo "2080"]
[BlackElo "1917"]
[WhiteFideId "2501465"]
[BlackFideId "470813"]
[EventDate "2010.12.08"]

1. e4 c5 2. Nf3 d6 3. d4 cxd4 4. Nxd4 Nf6 5. Nc3 e6 6. Be2 Be7 7. O-O O-O 8. f4
Nc6 9. Be3 e5 10. Nf5 exf4 11. Nxe7+ Qxe7 12. Rxf4 Rd8 13. Qd2 Ne5 14. Rxf6 Qxf6
15. Bg5 Qg6 16. Bxd8 Bg4 17. Bh4 Bf3 18. Bg3 Bxe4 19. Nxe4 Qxe4 20. Bxe5 Qxe5
21. c3 Re8 22. Bf3 b6 23. Rd1 h6 24. Qd4 Qe6 25. b3 Rd8 26. Bd5 Qg6 27. Rf1 Rd7
28. Qe4 1-0

[Event "London Chess Classic Women"]
[Site "London ENG"]
[Date "2010.12.13"]
[Round "6"]
[White "Hoare, Amy"]
[Black "Steil-Antoni, Fiona"]
[Result "1/2-1/2"]
[BlackTitle "WIM"]
[WhiteElo "1921"]
[BlackElo "2147"]
[WhiteFideId "418366"]
[BlackFideId "4001249"]
[EventDate "2010.12.08"]

1. e4 e6 2. d4 d5 3. e5 c5 4. c3 Nc6 5. Nf3 Nge7 6. Na3 Nf5 7. Nc2 cxd4 8. cxd4
Qb6 9. Be2 Bb4+ 10. Kf1 Be7 11. b4 Bd7 12. a3 Rc8 13. h4 h5 14. Be3 Nb8 15. Nce1
Nxe3+ 16. fxe3 a5 17. bxa5 Qxa5 18. a4 Rc3 19. Kf2 Na6 20. Nd3 Qc7 21. Qb1 Rc2
22. Rc1 Rxc1 23. Qxc1 Qxc1 24. Nxc1 O-O 25. g3 Rc8 26. Nb3 Bb4 27. Nc1 Rc7 28.
Nd3 Be7 29. Nd2 g6 30. Nf4 Rc2 31. Nb3 Rb2 32. Na5 Nb8 33. Nd3 Rb6 34. Bd1 Nc6
35. Nb3 Nb8 36. Ndc5 Bxc5 37. Nxc5 Rb2+ 38. Kf3 Bc6 39. Be2 Kg7 40. Bd3 Rb4 41.
Bc2 Nd7 42. Nxd7 Bxd7 43. Ra2 b6 44. Kf4 Bc8 45. Bd3 Bd7 46. Bc2 Bc8 47. Bd3 Bd7 1/2-1/2

[Event "London Chess Classic Women"]
[Site "London ENG"]
[Date "2010.12.13"]
[Round "7"]
[White "Lalic, Susan K"]
[Black "Norinkeviciute, Rasa"]
[Result "1-0"]
[WhiteTitle "IM"]
[BlackTitle "WFM"]
[WhiteElo "2294"]
[BlackElo "2028"]
[WhiteFideId "401510"]
[BlackFideId "12801925"]
[EventDate "2010.12.06"]

1. e4 c5 2. Nc3 d6 3. g3 Nc6 4. Bg2 g6 5. d3 Bg7 6. Nge2 Rb8 7. a3 a5 8. Nb5 Nd4
9. Nbxd4 cxd4 10. O-O b5 11. c3 dxc3 12. bxc3 e6 13. Rb1 Bd7 14. Be3 Ne7 15. Qd2
O-O 16. Bh6 Qc7 17. Rfc1 Rfc8 18. h4 Qc5 19. Be3 Qc7 20. h5 f5 21. Bh6 Qd8 22.
hxg6 hxg6 23. Qg5 Qf8 24. Bxg7 Qxg7 25. d4 Kf7 26. Qf4 e5 27. Qe3 Kg8 28. Rd1
Bc6 29. dxe5 Qxe5 30. f4 Qc5 31. Nd4 Bd7 32. Rd3 Re8 33. e5 Nd5 34. Bxd5+ Qxd5
35. Nf3 Qa2 36. Rbd1 Qxa3 37. Rxd6 Be6 38. Ng5 Qb3 39. Qa7 Bd7 40. Qxd7 1-0

[Event "London Chess Classic Women"]
[Site "London ENG"]
[Date "2010.12.13"]
[Round "7"]
[White "Steil-Antoni, Fiona"]
[Black "Oliver, Shannon"]
[Result "1/2-1/2"]
[WhiteTitle "WIM"]
[BlackTitle "WFM"]
[WhiteElo "2147"]
[BlackElo "1926"]
[WhiteFideId "4001249"]
[BlackFideId "3204413"]
[EventDate "2010.12.06"]

1. e4 c5 2. Nc3 Nc6 3. f4 g6 4. Nf3 Bg7 5. Bb5 Nd4 6. O-O Nxb5 7. Nxb5 d6 8. d3
e6 9. Qe1 a6 10. Nc3 Ne7 11. f5 exf5 12. Qh4 O-O 13. Bh6 f6 14. Rad1 Rf7 15. Kh1
Bxh6 16. Qxh6 Qf8 17. Qf4 Nc6 18. exf5 Bxf5 19. Nh4 Bd7 20. Ne4 d5 21. Nxf6+ Kg7
22. Nxd7 Rxf4 23. Nxf8 Raxf8 24. Rxf4 Rxf4 25. Nf3 Rf7 1/2-1/2

[Event "London Chess Classic Women"]
[Site "London ENG"]
[Date "2010.12.13"]
[Round "7"]
[White "Ikonomopoulou, Maria"]
[Black "Fairley, Natasha"]
[Result "1/2-1/2"]
[WhiteTitle "WFM"]
[BlackTitle "WFM"]
[WhiteElo "2160"]
[BlackElo "1785"]
[WhiteFideId "4209958"]
[BlackFideId "4301439"]
[EventDate "2010.12.06"]

1. e4 e5 2. Nf3 Nc6 3. d4 exd4 4. Bc4 h6 5. Nxd4 d6 6. Nc3 Nf6 7. h3 Nxd4 8.
Qxd4 Be7 9. Be3 c6 10. O-O-O Be6 11. Bxe6 fxe6 12. e5 dxe5 13. Qxe5 Qc8 14. f4
Kf7 15. Rhe1 Re8 16. g4 Qb8 17. Rf1 Bb4 18. Bd4 Kg8 19. Qe2 Nd5 20. Be5 Bd6 21.
Bxd6 Qxd6 22. Ne4 Qc7 23. Qf3 Rf8 24. f5 exf5 25. gxf5 Rad8 26. Qb3 Kh8 27. Nc5
Nf4 28. Rxd8 Rxd8 29. Qf3 Rd5 30. Ne6 Nxe6 31. fxe6 Rd8 32. Qh5 Qe7 33. Qe5 Re8
34. c3 b5 35. Rf7 Qg5+ 36. Qxg5 hxg5 37. Rxa7 Rxe6 38. Rc7 Rd6 39. b3 Kh7 40. a4
bxa4 41. bxa4 Rd3 42. Rxc6 Rxh3 43. Kd2 Rf3 44. Ke2 Rf5 45. Rb6 Ra5 46. Rb4 Kh6
47. Kf3 Kh5 1/2-1/2

[Event "London Chess Classic Women"]
[Site "London ENG"]
[Date "2010.12.14"]
[Round "8"]
[White "Fairley, Natasha"]
[Black "Norinkeviciute, Rasa"]
[Result "1/2-1/2"]
[WhiteTitle "WFM"]
[BlackTitle "WFM"]
[WhiteElo "1785"]
[BlackElo "2028"]
[WhiteFideId "4301439"]
[BlackFideId "12801925"]
[EventDate "2010.12.08"]

1. e4 c5 2. c3 d5 3. exd5 Qxd5 4. d4 g6 5. Nf3 Bg7 6. Be3 cxd4 7. cxd4 Nh6 8.
Nc3 Qd8 9. Bb5+ Bd7 10. Bxd7+ Nxd7 11. O-O O-O 12. Qd2 Nf5 13. Bf4 Nb6 14. Rad1
Rc8 15. Be3 Nc4 16. Qe2 a6 17. Ne5 b5 18. a4 Qa5 19. axb5 axb5 20. Nxc4 Rxc4 21.
Nd5 e6 22. Ra1 Ra4 23. Rxa4 bxa4 24. Nc3 Nxd4 25. Qc4 Nf5 26. Nxa4 Nxe3 27. fxe3
Qd2 28. Qc1 Qb4 29. Qc2 Bh6 30. e4 Qd4+ 31. Kh1 Rd8 32. Nc3 Qe3 33. Qf2 f5 34.
exf5 Qxf2 35. Rxf2 gxf5 36. g3 Bc1 37. Rc2 Bg5 38. Na4 Kf7 39. Rc7+ Kg6 40. Nc5
Rd1+ 41. Kg2 e5 42. b4 e4 43. Rc6+ Kf7 44. h4 Rd2+ 45. Kf1 Bd8 46. Re6 Rc2 47.
Re5 Kf6 48. Nd7+ Kg6 49. Nf8+ Kf6 50. Nd7+ 1/2-1/2

[Event "London Chess Classic Women"]
[Site "London ENG"]
[Date "2010.12.14"]
[Round "8"]
[White "Hegarty, Sarah N"]
[Black "Lalic, Susan K"]
[Result "1-0"]
[WhiteTitle "WFM"]
[BlackTitle "IM"]
[WhiteElo "2080"]
[BlackElo "2294"]
[WhiteFideId "2501465"]
[BlackFideId "401510"]
[EventDate "2010.12.08"]

1. e4 e6 2. d4 d5 3. Nc3 Nf6 4. Bg5 Bb4 5. e5 h6 6. exf6 hxg5 7. fxg7 Rg8 8. Qd3
Rxg7 9. a3 Bf8 10. Nf3 Nc6 11. h4 gxh4 12. Rxh4 Bd7 13. O-O-O Qf6 14. g3 O-O-O
15. Kb1 Rg8 16. Rf4 Qg7 17. Qe3 Bd6 18. Nb5 Bxf4 19. Qxf4 e5 20. dxe5 Qg4 21. e6
Qxf4 22. exd7+ Rxd7 23. gxf4 Kb8 24. Bh3 Rdd8 25. Ng5 a6 26. Nc3 Ne7 27. Nxf7
Rdf8 28. Be6 Rg7 29. Nxd5 Nxd5 30. Bxd5 Rgxf7 31. Bxf7 Rxf7 32. Rd4 c5 33. Re4
Kc7 34. Kc1 Rd7 35. Re3 Rf7 36. Re4 Rd7 37. f5 Rd5 38. Rf4 Kd8 39. f6 Ke8 40.
f7+ Kf8 41. Rf6 Rd4 42. c3 Rd7 43. Kc2 c4 44. b3 cxb3+ 45. Kxb3 Rd1 46. Rf4 Rb1+
47. Kc2 Ra1 48. a4 Re1 49. Kb3 Rb1+ 50. Kc4 Ra1 51. Kc5 Ra3 52. Kb6 Rb3+ 53. Rb4
Rxc3 54. Kxb7 a5 55. Rf4 Rc5 56. Kb6 Rh5 57. Kc6 Re5 58. Kd6 Rh5 59. Ke6 Rh6+
60. Ke5 Rh5+ 61. Rf5 Rh4 62. f4 Rh6 63. Kd4 Ra6 64. Kc4 Rb6 65. Rxa5 Kxf7 66. f5
Ke7 67. Kc5 Rb1 68. Kc6 Rb4 69. Kc5 Rf4 70. Kc6 Kd8 71. Kd6 Rd4+ 72. Ke6 Re4+
73. Kf6 Rg4 74. Ra7 Ke8 75. a5 Ra4 76. a6 Ra1 77. Ra8+ Kd7 78. a7 Ra6+ 79. Kg7
Ra5 80. Rf8 Ra1 81. a8=Q Rg1+ 82. Kf6 1-0

[Event "London Chess Classic Women"]
[Site "London ENG"]
[Date "2010.12.14"]
[Round "8"]
[White "Hoare, Amy"]
[Black "Van Weersel, Arlette"]
[Result "0-1"]
[BlackTitle "WIM"]
[WhiteElo "1921"]
[BlackElo "2186"]
[WhiteFideId "418366"]
[BlackFideId "1009877"]
[EventDate "2010.12.08"]

1. e4 e5 2. Bc4 Nf6 3. d3 Nc6 4. Nc3 Na5 5. Qf3 Nxc4 6. dxc4 d6 7. h3 c6 8. Nge2
Be6 9. b3 Be7 10. O-O h6 11. Ng3 g6 12. Rd1 Qc7 13. Bb2 O-O-O 14. Qe3 Kb8 15.
Na4 Nd7 16. f4 exf4 17. Qxf4 Ne5 18. c5 f6 19. cxd6 Rxd6 20. Ne2 g5 21. Qf2 g4
22. Nf4 gxh3 23. Nxe6 h2+ 24. Kh1 Rxe6 25. Rf1 Rd6 26. Ba3 Rdd8 27. Bxe7 Qxe7
28. Nc3 Rd6 29. Rad1 Rhd8 30. Rxd6 Rxd6 31. Rd1 Rxd1+ 32. Nxd1 Qd6 33. Ne3 h5
34. Qe2 Qd4 35. Kxh2 Qxe4 36. Qf2 Qxe3 37. Qxe3 Ng4+ 38. Kg3 Nxe3 0-1

[Event "London Chess Classic Women"]
[Site "London ENG"]
[Date "2010.12.14"]
[Round "8"]
[White "Ikonomopoulou, Maria"]
[Black "Steil-Antoni, Fiona"]
[Result "1-0"]
[WhiteTitle "WFM"]
[BlackTitle "WIM"]
[WhiteElo "2160"]
[BlackElo "2147"]
[WhiteFideId "4209958"]
[BlackFideId "4001249"]
[EventDate "2010.12.08"]

1. e4 e5 2. Nf3 Nc6 3. Bc4 d6 4. h3 Be7 5. d4 exd4 6. Nxd4 Nf6 7. Nc3 O-O 8. O-O
Ne5 9. Be2 c6 10. f4 Ng6 11. Be3 Re8 12. g4 Bf8 13. f5 Ne5 14. g5 Nfd7 15. Qe1
Nb6 16. Nf3 Nbc4 17. Bd4 c5 18. Bxe5 Nxe5 19. Qg3 Bd7 20. Rad1 Bc6 21. Nd5 Nxf3+
22. Bxf3 Re5 23. c4 Kh8 24. Kh1 b5 25. cxb5 Bxb5 26. Rg1 Bc6 27. h4 Rb8 28. b3
Qd7 29. Qg4 Bxd5 30. Rxd5 Rxd5 31. exd5 Rb4 32. Be4 Qe7 33. Re1 Qe5 34. g6 h6
35. gxf7 Qe7 36. h5 Qxf7 37. Qg6 Qe7 38. Qg4 Qe5 39. Kg2 Be7 40. Kf3 Bg5 41. Re2
Qc3+ 42. Kg2 Qf6 43. Qf3 Kh7 44. Bd3 Bf4 45. Re6 Qb2+ 46. Be2 Kg8 47. f6 Qc2 48.
Qg4 Bg5 49. Re8+ Kh7 50. Qxb4 cxb4 51. f7 Be7 52. Rxe7 Qf5 53. Bd3 Qxd3 54. f8=Q
Qxd5+ 55. Kf2 Qd4+ 56. Re3 Qh4+ 57. Rg3 Qd4+ 58. Kg2 Qd5+ 59. Qf3 Qd2+ 60. Kh3 1-0

[Event "London Chess Classic Women"]
[Site "London ENG"]
[Date "2010.12.15"]
[Round "9"]
[White "Norinkeviciute, Rasa"]
[Black "Hegarty, Sarah N"]
[Result "1-0"]
[WhiteTitle "WFM"]
[BlackTitle "WFM"]
[WhiteElo "2028"]
[BlackElo "2080"]
[WhiteFideId "12801925"]
[BlackFideId "2501465"]
[EventDate "2010.12.06"]

1. c4 Nf6 2. g3 d5 3. cxd5 Nxd5 4. Bg2 e5 5. Nc3 Nb6 6. d3 Nc6 7. Nf3 Be7 8. O-O
O-O 9. Ne1 Be6 10. f4 Bc5+ 11. Kh1 exf4 12. Bxf4 Nd5 13. Nxd5 Bxd5 14. Nf3 h6
15. Qc1 Bb6 16. e4 Be6 17. Bxh6 gxh6 18. Qxh6 Qe7 19. Ng5 f6 20. Nxe6 Qxe6 21.
Qg6+ Kh8 22. Rf4 1-0

[Event "London Chess Classic Women"]
[Site "London ENG"]
[Date "2010.12.15"]
[Round "9"]
[White "Van Weersel, Arlette"]
[Black "Oliver, Shannon"]
[Result "1/2-1/2"]
[WhiteTitle "WIM"]
[BlackTitle "WFM"]
[WhiteElo "2186"]
[BlackElo "1926"]
[WhiteFideId "1009877"]
[BlackFideId "3204413"]
[EventDate "2010.12.06"]

1. e4 c5 2. c4 Nc6 3. Ne2 g6 4. d4 cxd4 5. Nxd4 Bg7 6. Be3 d6 7. Nc3 Nf6 8. Be2
O-O 9. O-O Bd7 10. Nb3 b6 11. f3 Rc8 12. Rc1 Be6 13. Qd2 Re8 14. Nd5 Ne5 15. Nd4
Bd7 16. b4 Nc6 17. Nb3 Nxd5 18. cxd5 Nb8 19. Nd4 Rc7 20. Nb5 Rb7 21. Qc2 Qc8 22.
Qb3 Qd8 23. Rc2 a6 24. Nd4 Rc7 25. Rfc1 Rxc2 26. Rxc2 b5 27. Qa3 e6 28. dxe6
fxe6 29. Qb3 Kh8 30. Qc3 Qc8 31. Qc7 Qxc7 32. Rxc7 Rc8 33. Rxc8+ Bxc8 34. Bd1
Kg8 35. a4 bxa4 36. Bxa4 Kf7 37. Kf2 Ke7 38. Bb3 e5 39. Nc2 Be6 40. Bd5 Bxd5 41.
exd5 Nd7 42. Ke2 Nf6 43. Bg5 h6 44. Bxf6+ Bxf6 45. Kd3 Kd7 46. Na3 Bd8 47. Nc4
Bc7 48. Ke4 Ke7 49. Kd3 Kd7 50. Kc3 Kc8 51. Kb3 Kb7 52. Ka4 h5 53. h4 Ka8 54. b5
Ka7 55. b6+ Bxb6 56. Nxd6 Bd8 57. g3 Kb6 58. Ne4 Be7 59. d6 Bd8 60. Kb4 Kc6 61.
Kc4 a5 62. Kb3 Bb6 63. Ka4 Bd8 64. Kb3 Bb6 65. Kc4 Bd8 66. Kb3 Bb6 67. Nd2 Kxd6
68. Nc4+ Kc7 69. Nxe5 Bf2 70. g4 hxg4 71. fxg4 Bxh4 72. Nxg6 Bd8 73. Ka4 Kd7 74.
Ne5+ Ke6 75. Nc6 Bc7 76. Nd4+ Kf7 77. g5 Kg6 78. Kb5 Bd8 79. Ne6 Bxg5 80. Nxg5
Kxg5 81. Kxa5 1/2-1/2

[Event "London Chess Classic Women"]
[Site "London ENG"]
[Date "2010.12.15"]
[Round "9"]
[White "Lalic, Susan K"]
[Black "Hoare, Amy"]
[Result "1/2-1/2"]
[WhiteTitle "IM"]
[WhiteElo "2294"]
[BlackElo "1921"]
[WhiteFideId "401510"]
[BlackFideId "418366"]
[EventDate "2010.12.06"]

1. e4 e5 2. Nf3 Nf6 3. Nxe5 d6 4. Nf3 Nxe4 5. Nc3 Nxc3 6. dxc3 Be7 7. Bf4 O-O 8.
Qd2 Nd7 9. O-O-O Nc5 10. Nd4 Ne6 11. Be3 Nxd4 12. cxd4 Bf5 13. Be2 Qd7 14. h3
Qa4 15. Kb1 d5 16. g4 Bb4 17. Qc1 Be4 18. Rhg1 Rfe8 19. Bd3 Bxd3 20. Rxd3 Re6
21. g5 Ra6 22. a3 Bf8 23. Qd1 Rb6 24. Rb3 Rxb3 25. cxb3 Qd7 26. h4 Re8 27. h5
Qf5+ 28. Ka2 Re6 29. Qd2 Rc6 30. Rc1 Rxc1 31. Qxc1 Bd6 32. Qf1 a6 33. h6 Qg6 34.
Qh1 Qe4 35. Qg1 Qg6 36. Qe1 Qe4 37. Qa5 Qf5 38. Qa4 Qe6 39. Qa5 Qe4 40. Qd2 Qf5
41. b4 Qd7 42. b3 Qe7 43. Kb2 a5 44. bxa5 Bxa3+ 45. Ka2 Bb4 46. Qe2 Bxa5 47. Qb5
Bb6 48. Qxd5 c6 49. Qf5 Qe6 50. Qf4 Qe8 51. Bd2 Qa8+ 52. Kb2 Qe8 53. Kb1 Qd8 54.
Bc3 Bc7 55. Qe3 Bd6 56. hxg7 Qe7 57. Qh3 Qe6 58. Qxe6 fxe6 59. Bd2 Kxg7 60. Kc2
Kg6 61. Kd3 Kf5 62. Kc4 Bf4 63. Ba5 Bxg5 64. Kc5 Bf6 65. Bc7 h5 66. f3 e5 1/2-1/2

[Event "London Chess Classic Women"]
[Site "London ENG"]
[Date "2010.12.15"]
[Round "9"]
[White "Messam-Sparks, Lateefah"]
[Black "Ikonomopoulou, Maria"]
[Result "0-1"]
[BlackTitle "WFM"]
[WhiteElo "1917"]
[BlackElo "2160"]
[WhiteFideId "470813"]
[BlackFideId "4209958"]
[EventDate "2010.12.06"]

1. d4 Nf6 2. c4 e6 3. Nc3 Bb4 4. Qc2 c5 5. dxc5 O-O 6. a3 Bxc5 7. Nf3 b6 8. e3
Bb7 9. Be2 Nc6 10. O-O Rc8 11. b3 Qc7 12. h3 Ne5 13. Nb5 Qb8 14. Qd1 a6 15. Nbd4
d5 16. cxd5 Nxd5 17. Bb2 Rfd8 18. Qb1 Bd6 19. Rc1 Nf6 20. Nxe5 Bxe5 21. Nf3 Be4
22. Qa2 Bxb2 23. Qxb2 Qb7 24. Rxc8 Rxc8 25. Qd4 h6 26. Rd1 Bc2 27. Rc1 Bxb3 28.
Rxc8+ Qxc8 29. Qxb6 Qc1+ 30. Kh2 Qxa3 31. Qxa6 Qxa6 32. Bxa6 Ne4 33. Kg1 Bd5 34.
Bd3 Kf8 35. Ne1 Ke7 36. f3 Nc5 37. Be2 f5 38. Nd3 Bc4 39. Nf4 Bb3 40. Nd3 Nd7
41. Kf2 Nf6 42. g3 Kd6 43. Nc1 Ba4 44. Nd3 Bc6 45. Nb2 Nd5 46. Nc4+ Kc5 47. Nb2
Kb4 48. Nd1 Kb3 49. Bd3 Nb4 50. Bb1 Nc2 51. Ke2 g6 52. h4 g5 53. hxg5 hxg5 54.
Kf2 Bb5 55. Bxc2+ Kxc2 56. Ke1 Kd3 57. g4 Bc6 58. gxf5 exf5 59. Kf2 Kd2 60. Nb2
Bb5 61. f4 g4 62. Kg3 Kc1 63. e4 fxe4 64. Kxg4 e3 65. Kf3 e2 66. Kf2 Kd2 67. Nd3
Bxd3 0-1

[Event "London Chess Classic Women"]
[Site "London ENG"]
[Date "2010.12.15"]
[Round "9"]
[White "Steil-Antoni, Fiona"]
[Black "Fairley, Natasha"]
[Result "1-0"]
[WhiteTitle "WIM"]
[BlackTitle "WFM"]
[WhiteElo "2147"]
[BlackElo "1785"]
[WhiteFideId "4001249"]
[BlackFideId "4301439"]
[EventDate "2010.12.06"]

1. e4 e5 2. Bc4 Nc6 3. Nc3 Nf6 4. d3 h6 5. f4 Bb4 6. Nf3 d6 7. f5 Bxc3+ 8. bxc3
a6 9. Bb3 d5 10. Qe2 dxe4 11. dxe4 Qe7 12. a4 Qc5 13. Qd3 Ng4 14. Rf1 Qb6 15. h3
Nf6 16. a5 Qc5 17. Ba3 Qxa5 18. Qc4 Nd8 19. Ra2 Qb6 20. Rf2 Qc6 21. Nxe5 Qxc4
22. Nxc4 b5 23. Nd2 Nc6 24. Nf3 Bd7 25. Re2 Nh7 26. Rd2 f6 27. Ra1 Ng5 28. Nxg5
hxg5 29. Bf7+ Kxf7 30. Rxd7+ Kg8 31. Rxc7 Ne5 32. Rd1 Kh7 33. Be7 Kh6 34. Rd6
Rhc8 35. Bxf6 Rxc7 36. Bd8+ Kh7 37. Bxc7 Ra7 38. Bb6 Nc4 39. Re6 Nxb6 40. Rxb6
Re7 41. Re6 Rxe6 42. fxe6 Kg8 43. c4 bxc4 44. Kd2 Kf8 45. Kc3 Ke7 46. Kxc4 Kxe6
47. Kd4 a5 48. Kc4 Ke5 49. Kb5 Kxe4 50. Kxa5 Kf4 51. c4 Kg3 52. c5 Kxg2 53. c6
Kxh3 54. c7 g4 55. c8=Q Kg3 56. Qc3+ Kf2 57. Qd2+ Kg3 58. Qe1+ Kh3 59. Qg1 1-0